000 nam a22 7a 4500
999 _c8367
_d8367
008 180112b ||||| |||| 00| 0 eng d
100 _94781
_aARORA.M
245 _aSOCIAL SCIENCE-LAB CCE-IX-X
260 _aNEW DELHI
_bINSPIRATION
_c2014